MDQL
is popping MORE tags! Check the
thread
!
Quizzes
Events
Quiz Creation
Community
Videos
Private Events
Remove Ads
Sign In
Join for FREE
Feedback
Dark Mode
Quiz Categories
Sports
Geography
Music
Movies
Television
Just For Fun
Miscellaneous
History
Literature
Language
Science
Gaming
Entertainment
Religion
Holiday
For Kids
Quiz Lab
Recent
Popular Today
Quiz Kudos Today
Editor Picks
Curator Picks
Quizzes by...
Day
Popularity
Type
Ratings
Length
Year
Community
Subscriptions
Recent Discussions
Orange Saloon
Badges
Playlists
Quests
Create
Leaderboards
Showdown
Live 5
Trivia Bingo
Activity
Puzzle Library
Sporcle Events
Private Events
Virtual Trivia
Globe League
Become a Host
Pub Owners
SporcleCon
Opinionation
Our Games
Videos
Blog
Mobile Apps
Partnerships
Remove Ads and Go Orange
Feedback
Music
Pop Music
The Beatles
Song
Album
Lyrics
Bands
Singers
Artist
Clip
Rock
Rap
Classical
Billboard
Country Music
Kpop
Taylor Swift
Music
Pop Music
The Beatles
Song
Album
Lyrics
Bands
Singers
Artist
Clip
Rock
Rap
Classical
Billboard
Country Music
Kpop
Taylor Swift
Random Quiz
Search Sporcle
×
Quiz Lab
Quiz Lab
Music
Grab Bag
Type in answers that appear in a list
Type in answers that appear in a list
Classic
Best Score? Go Orange.
Music Grab Bag Stats
Can you name the Music Grab Bag?
By
irice22
10m
74 Questions
1,333 Plays
1,333 Plays
1,333 Plays
Comments
Comments
Give Quiz Kudos
Give Quiz Kudos
-
- Ratings
hide this ad
More Info
Replay
Link that replays current quiz
Next Quiz
Link to next quiz in quiz playlist
You Got
0%
They Got
Avg Score
36%
Avg Friend Score
Upgrade to see
Score Distribution
Jump to the score distribution portion of the page
Score
0/74
Timer
10:00
0
Plays Today
% Correct
John Lennon
89.8%
Paul McCartney
89.1%
Posh Spice
87.5%
George Harrison
87.1%
Kelly Clarkson (2002)
85.1%
Baby Spice
83.3%
Sporty Spice
83%
Scary Spice
80.3%
Ginger Spice
74.6%
Ringo Starr
74.3%
Carrie Underwood (2005)
64.2%
Adele (2009)
62.1%
Janis Joplin
60%
Elvis Presley
57.5%
Ruben Studdard (2003)
57.4%
Nevermind (1991)
57.3%
Christina Aguilera
56.9%
Mya
54.1%
The Beatles
53.6%
Touch My Body
51.5%
Queen
49.9%
Pink
48.8%
Fantasia Barrino (2004)
48.4%
Lil' Kim
47.2%
Jimi Hendrix
45.9%
John Legend (2006)
44.1%
David Lee Roth
43.5%
In Utero (1993)
41.2%
Taylor Hicks (2006)
40.4%
Sammy Hagar
37.8%
Jim Morrison
36%
Dr. Dre
35.1%
David Cook (2008)
34.7%
Jordin Sparks (2007)
34.4%
The White Stripes
30.4%
Kris Allen (2009)
30.3%
Brian Jones
29.8%
% Correct
Carrie Underwood (2007)
29%
Michael Jackson
28.8%
Kurt Cobain
28.6%
Bleach (1989)
27.2%
Dreamlover
24.5%
Christina Aguilera (2000)
22.5%
Arabian Prince
21.8%
Hero
21.7%
Amy Winehouse (2008)
21.7%
DJ Yella
20.4%
One Sweet Day
19.7%
Always Be My Baby
18.8%
Don't Forget About Us
18%
Fantasy
17.4%
Eazy-E
16.2%
Thank God I Found You
14.6%
Heartbreaker
14.6%
Ice Cube
14.1%
My All
13.7%
We Belong Together
13.2%
Alicia Keys (2002)
13.1%
I'll Be There
10.7%
Honey
10%
ABBA
9.8%
The Raconteurs
9.2%
Emotions
8.9%
Vision of Love
8.8%
Gary Cherone
8.1%
Norah Jones (2003)
7.5%
The Dead Weather
7.4%
I Don't Wanna Cry
7.3%
Shelby Lynne (2001)
6.9%
Maroon 5 (2005)
6.1%
Love Takes Time
5.6%
Someday
5.5%
Evanescence (2004)
5.4%
MC Ren
2.7%
Quiz Playlist
Details
Report
Send in Message
Add To Playlist
More Info:
Nirvana albums do not include live or greatest hits albums.
Classic:
Type in answers that appear in a list
Last Updated: Feb 16, 2017
Quiz Scoreboard
CHALLENGE
Sign Up to Join the Scoreboard
Show All
Scores
Hide
Comments
May contain spoilers
Recently Published
Two Season TV Shows II
by 123Four
Television
10m
Image Sorting: Flags VI
by Barbecue
Geography
2m
Find the 'City' Movie
by crazypaving
Movies
60s
More to Explore
Quiz From the Vault
Featured Blog Post
14 Easter Pick-up Lines to Find Eggs With
hide this ad
You Might Also Like...
Tags
Grab Bag Quiz
bag
Today's Top Quizzes in Music
Browse Music
hide this ad
Today's Top Quizzes in Grab Bag
Browse Grab Bag
Top Contributed Quizzes in Music
1
5X2 Blitz: Bands II
2
5X2 Blitz: The Beatles
3
Taylor Swift All Songs (2024)
4
5X2 Blitz: Billboard
5
5X2 Blitz: Billboard II
6
5X2 Blitz: Album
7
5X2 Blitz: Rock
8
5X2 Blitz: Singers
9
Music Artist by Three 2010s hits
10
5X2 Blitz: Lyrics
Explore More
Trending Topics
Anime
Marvel
Kpop
Disney
Harry Potter
NBA
Crossword
NFL
WWE
The Office
Country
Soccer
Puzzle
Song
Pokémon
hide this ad
More By:
irice22
Quiz
Plays
Rating
Category
Featured
Created
#1 Movies: 2009
74,565
3.61
Movies
Feb 15, 2010
#2 Artists of the 2000s
47,255
4.14
Music
Jul 29, 2012
Non-Obvious Song Titles - 00's
2,128
4.00
Music
Jan 25, 2010
#2 Artists of the 1990's
2,056
4.67
Music
Oct 1, 2012
Kelly Clarkson Singles
2,044
4.08
Entertainment
Oct 9, 2009
Go to Creator's Profile
Score Distribution
Quiz Creator Spotlight
irice22
Follow
Send a Message
Quizzes Created
-
Created Quiz Play Count
-
More By This Creator
Popular Quizzes Today
1
Colored Red Africa Blitz
2
Find the US States - No Outlines Minefield
3
Find the 'City' Movie
4
5x2 Blitz: Bands
5
The Countries of the World
6
Find the US States
7
Find the Countries of Europe - No Outlines Minefield
8
US States
More Music Quizzes
Taylor Swift Album Sorting IV
Quiz Lab
Trending Quizzes
Colored Red Europe Blitz I
Colored Red Africa Blitz II
Colored Red Europe Blitz II
Colored Red Africa Blitz III
Colored Red Europe Blitz III
Recently Updated
How Do You Spell That?
pecheneg
Godzilla Movies
pecheneg
Grab Bag: 4-10 Letters
pecheneg
2024 March Madness Bracket
pecheneg
Famous TV Couples
Peacemaker
Champions League XIs: Real Madrid
pecheneg
Largest US Cities 1790-2010
pecheneg
Rides in Walt Disney World
pecheneg
Most Oscar Losses (Acting)
pecheneg
Beyoncé Albums
pecheneg
Trending Topics
Anime
Harry Potter
Crossword
NBA
Marvel
Disney
Kpop
Soccer
The Office
Pokémon
Country
WWE
NFL
Puzzle
Song
Your Account Isn't Verified!
In order to create a playlist on Sporcle, you need to verify the email address you used during registration. Go to your
Sporcle Settings
to finish the process.
Report this User
Report this user for behavior that violates our
Community Guidelines
.
Details:
Send Report
Go to the Sporcle.com Mobile Site →
Comments